000
00335nam a22001457a 4500
008
210305b ||||| |||| 00| 0 eng d
020
_a
9780321077462
041
_a
eng
080
_2
5th
_a
330.101.541
082
_a
330.101.541
100
_a
52
101
_a
MAKRO
245
_a
International Economics
_c
Husted, S
942
_2
udc
_c
BK
999
_c
55856
_d
55856